Statistiques concernant 10 tiktokeurs les plus suivis

Cliquez ici pour prendre le quiz!

Statistiques générales

  • Ce quiz a été pris 1 401 fois
  • Le résultat moyen est 3 sur 10

Statistiques - réponses

abonnésnom du tiktokeur(euse)% Correct
123,2 MCharli D'Amelio
86%
54,5 MDixie D'Amelio
54%
106,7 MKhaby Lame
51%
82,8 MAdisson Rae
39%
79,6 MBella Poarch
36%
63,3 MZach King
13%
53,9 MLoren Gray
12%
49,3 MKimberly Loaiza
6%
54,5 MSpencer X
6%
50 MJust Maiko (Michael Le)
5%

Distribution des résultats

Percentile par nombre de réponses

% des personnes avec chaque résultat

Votre développement - résultats

Vous n’avez pas pris ce quiz